000 00835cam a2200277 a 4500
999 _c8375
_d8375
001 8375
003 BD-JhCC
005 20180925083505.0
008 910118s1990 ii 000 0aeng
020 _a0195624874
035 _a(BD-JhCC)8375
040 _aDLC
_cDLC
_dDLC
_dBD-JhCC
041 _aeng
050 0 0 _aSK17.C6
_bA3 1990
082 _bCOR 1990
_a915.4
100 1 _aCorbett, Jim,
_d1875-1955.
245 1 0 _aJungle lore /
_cJim Corbett ; with introduction by Martin Booth.
260 _aDelhi :
_bOxford UNiversity Press,
_c1990.
300 _axiii, 168 p. ;
_c22 cm.
600 1 0 _aCorbett, Jim,
_d1875-1955.
650 0 _aHunters
_zIndia
_xBiography.
650 0 _aHunting
_zIndia.
856 4 2 _3Publisher description
_uhttp://www.loc.gov/catdir/enhancements/fy0637/91106856-d.html
942 _2ddc
_cBK